000
00204 a2200109 4500
020
_a
9780553379013
041
_a
eng
100
_a
Quinn, Daniel
245
_a
The story of B
942
_c
BK
952
_7
1
999
_c
18437
_d
18437